00419nam a2200121Ia 4500003000400000005001700004008004100021040001800062041000800080100004000088245013300128260003600261OSt20260130144443.0211028s2018 xx 000 0 und d cAIMIT LIBRARY aeng aSneha K J; D Souza, Rayan.g1616195 aStudy on the casues of stress among the employees and its effect on the employee performance at Narayana health city Bangalore / aMangalorebRayan D Souza.c2018